| 000 | 01190nam a22003497a 4500 | ||
|---|---|---|---|
| 001 | 0058245 | ||
| 003 | KOHA_MİRAKIL | ||
| 005 | 20260207004147.0 | ||
| 007 | ta | ||
| 008 | 160602b2015 tu |||gr||||#||||0|tur | | ||
| 020 | _a9789754427585 | ||
| 040 |
_aTR-BiSEU _btur _cTR-BiSEU _erda |
||
| 041 | 0 | _atur | |
| 044 | _ctu | ||
| 050 |
_aDS51 _b.E79 2015 |
||
| 100 | 1 | _aSönmez, Selami. | |
| 245 | 1 |
_aErzurum'un yüzleri : _bProf. Dr. Mümtaz Turhan/ _cSelami Sönmez ; Selami Sönmez ; editör Muhsine Börekçi ; emeği geçenler M. Sadi Çögenli, Mustafa Arık, Hadi Gergit, Zeki Kotan. |
|
| 264 | 1 |
_aErzurum : _bAtatürk Üniversitesi _c2015 |
|
| 300 |
_a100 sayfa ; _c20 cm. |
||
| 336 |
_ametin _btxt _2rdacontent |
||
| 337 |
_aaracısız _bn _2rdamedia |
||
| 338 |
_acilt _bnc _2rdacarrier |
||
| 490 | 1 |
_aAtatürk Üniversitesi Yayınları ; _vno. |
|
| 490 | 1 | _a1124 | |
| 500 | _aKaynakça var. | ||
| 650 | 0 |
_aTurhan, Mümtaz, 1908-1969 _981785 |
|
| 650 | 0 |
_aSosyologlar--Türkiye--Biyografi. _913336 |
|
| 650 | 0 |
_aSociologists--Turkey--Biography. _956083 |
|
| 830 | 1 |
_aAtatürk Üniversitesi Yayınları ; _vno. _928654 |
|
| 830 | 1 |
_a1124 _949631 |
|
| 942 |
_2lcc _cBK |
||
| 999 |
_c58049 _d58049 |
||